LEADER 01051nam a2200265 i 4500 001 000000034680 003 CaOOAMICUS 005 20150521000000.0 008 150521s1978 it u000 u ita u 013 $a1409 020 $a88-15-01786 040 $aSeMil$bita 100 1 $aPoggi, Gianfranco,$d<1934- >.$0(OLS)http://semarc/name/81641 245 13$aLa vicenda dello stato moderno :$bprofilo sociologico /$cGianfranco Poggi. 260 $aBologna :$bIl Mulino,$ccopyr. 1978. 300 $a218 p. ;$c22 cm. 490 0 $aSaggi ;$v336 650 4$aStato moderno.$0(OLS)http://semarc/subject/38192 830 0$aSaggi ;$v336.$0(OLS)http://semarc/title/341 850 $aSeMil 852 $aSeMil$W1$xVenegono$y1$m3N III 371$j835$B835$CSeMilBibl$Z2$F835 $81 961 $aAcquisto: Pontiggia (Libreria) 996 $6020$a88-15-01786$9(OLS)http://semarc/number/2538 996 $6245$aLa vicenda dello stato moderno :$bprofilo sociologico$9(OLS)http://semarc/title/47035 996 $6260$aBologna :$bIl Mulino$9(OLS)http://semarc/publisher/29842 LEADER 01261nam a2200265 i 4500 001 000000106741 003 CaOOAMICUS 005 20020902000000.0 008 020902s1975 gw u000 u ger u 013 $a78935 020 $a3-525-53266-0 040 $aSeMil$bita 100 1 $aOsten-Sacken, Peter : von der.$0(OLS)http://semarc/name/44889 245 10$aRömer 8 als Beispiel paulinischer Soteriologie /$cPeter : Osten-Sacken von der. 260 $aGöttingen :$bVandenhoeck & Ruprecht,$c1975. 300 $a339 p. ;$c24 cm. 490 0 $aForschungen zur Religion und Literatur des Alten und Neuen Testaments ;$v112 650 4$aBibbia - Soteriologia.$0(OLS)http://semarc/subject/6324 650 4$aBibbia - NT - Lettere ai Romani 8.$0(OLS)http://semarc/subject/10180 830 0$aForschungen zur Religion und Literatur des Alten und Neuen Testaments ;$v112.$0(OLS)http://semarc/title/298 850 $aSeMil 852 $aSeMil$W1$xVenegono$y1$m2XA S 112$j242063$B62853$CSeMilBibl$Z2$F72067 $81 996 $6020$a3-525-53266-0$9(OLS)http://semarc/number/87526 996 $6245$aRömer 8 als Beispiel paulinischer Soteriologie$9(OLS)http://semarc/title/154860 996 $6260$aGöttingen :$bVandenhoeck & Ruprecht$9(OLS)http://semarc/publisher/29697